| 000 | 00409nam a2200145 a 4500 | ||
|---|---|---|---|
| 001 | 500 | ||
| 003 | CDMR | ||
| 005 | 20130703132504.0 | ||
| 008 | 130130s1970||||||||||||||||||||||||||||d | ||
| 040 |
_aCDMR _bcat _cCPC GIRONA |
||
| 100 | 1 |
_aMcGinniss, Joe _9358 |
|
| 245 | 1 | 0 |
_aComo se vende un presidente _bPorqué ganó Nixon las elecciones presidenciales _cMcGinniss, Joe |
| 260 |
_c1970 _bPenínsula |
||
| 942 |
_cMON _2udc |
||
| 999 |
_c500 _d500 |
||